[Event "2023 US National Elementary K-6 Championship"]
[Site "Baltimore, Maryland, United States"]
[Date "2023.05.14"]
[Round "6.8"]
[White "Jammalamadaka, Vihan"]
[Black "Rallabandi, Krishna"]
[Result "0-1"]
[TimeControl "G/90; d10"]
[WhiteElo "1871"]
[BlackElo "2095"]

1. d4 {[%clk 01:30:00]} {[%emt 00:00:03]} Nf6 {[%clk 01:30:00]} {[%emt
00:00:10]} 2. c4 {[%clk 01:30:00]} {[%emt 00:00:06]} g6 {[%clk 01:29:55]}
{[%emt 00:00:16]} 3. Nc3 {[%clk 01:29:45]} {[%emt 00:00:24]} d5 {[%clk
01:29:37]} {[%emt 00:00:29]} 4. cxd5 {[%clk 01:29:45]} {[%emt 00:00:08]} Nxd5
{[%clk 01:29:27]} {[%emt 00:00:20]} 5. e4 {[%clk 01:29:45]} {[%emt 00:00:08]}
Nxc3 {[%clk 01:29:09]} {[%emt 00:00:28]} 6. bxc3 {[%clk 01:29:45]} {[%emt
00:00:09]} Bg7 {[%clk 01:28:26]} {[%emt 00:00:53]} 7. Bb5+ {[%clk 01:29:39]}
{[%emt 00:00:16]} c6 {[%clk 01:28:11]} {[%emt 00:00:25]} 8. Ba4 {[%clk
01:29:38]} {[%emt 00:00:12]} O-O {[%clk 01:28:00]} {[%emt 00:00:21]} 9. Ne2
{[%clk 01:29:31]} {[%emt 00:00:16]} b5 {[%clk 01:27:48]} {[%emt 00:00:22]} 10.
Bb3 {[%clk 01:29:13]} {[%emt 00:00:28]} a5 {[%clk 01:27:18]} {[%emt 00:00:41]}
11. O-O {[%clk 01:28:30]} {[%emt 00:00:51]} Ba6 {[%clk 01:27:06]} {[%emt
00:00:24]} 12. Bb2 {[%clk 01:22:12]} {[%emt 00:06:28]} Nd7 {[%clk 01:23:22]}
{[%emt 00:03:55]} 13. Re1 {[%clk 01:18:35]} {[%emt 00:03:46]} Nb6 {[%clk
01:19:12]} {[%emt 00:04:21]} 14. Ba3 {[%clk 01:16:19]} {[%emt 00:02:25]} Qc7
{[%clk 01:02:26]} {[%emt 00:16:57]} 15. Ng3 {[%clk 01:12:05]} {[%emt 00:04:23]}
Rfd8 {[%clk 01:00:38]} {[%emt 00:01:58]} 16. Qf3 {[%clk 01:09:06]} {[%emt
00:03:09]} e5 {[%clk 00:58:17]} {[%emt 00:02:32]} 17. Bc5 {[%clk 01:04:38]}
{[%emt 00:04:39]} exd4 {[%clk 00:56:48]} {[%emt 00:01:38]} 18. e5 {[%clk
01:00:32]} {[%emt 00:04:14]} Nd5 {[%clk 00:41:48]} {[%emt 00:15:11]} 19. cxd4
{[%clk 01:00:10]} {[%emt 00:00:33]} a4 {[%clk 00:35:33]} {[%emt 00:06:25]} 20.
Bc2 {[%clk 00:58:44]} {[%emt 00:01:32]} Bf8 {[%clk 00:32:56]} {[%emt 00:02:50]}
21. Bxf8 {[%clk 00:55:26]} {[%emt 00:03:28]} Rxf8 {[%clk 00:31:13]} {[%emt
00:01:53]} 22. Ne4 {[%clk 00:54:53]} {[%emt 00:00:44]} Rad8 {[%clk 00:28:43]}
{[%emt 00:02:40]} 23. Rad1 {[%clk 00:53:06]} {[%emt 00:01:57]} Bc8 {[%clk
00:24:56]} {[%emt 00:03:57]} 24. Nd6 {[%clk 00:48:22]} {[%emt 00:04:54]} f6
{[%clk 00:21:04]} {[%emt 00:04:02]} 25. Qg3 {[%clk 00:47:21]} {[%emt 00:01:10]}
fxe5 {[%clk 00:19:51]} {[%emt 00:01:24]} 26. dxe5 {[%clk 00:47:13]} {[%emt
00:00:17]} Be6 {[%clk 00:18:45]} {[%emt 00:01:16]} 27. Bxg6 {[%clk 00:33:25]}
{[%emt 00:13:58]} Kh8 {[%clk 00:18:23]} {[%emt 00:00:32]} 28. Qh4 {[%clk
00:31:37]} {[%emt 00:01:57]} Qg7 {[%clk 00:15:11]} {[%emt 00:03:23]} 29. Bf5
{[%clk 00:30:38]} {[%emt 00:01:10]} Rxd6 {[%clk 00:11:09]} {[%emt 00:04:12]} 30.
Bxh7 {[%clk 00:25:40]} {[%emt 00:05:08]} Rf4 {[%clk 00:08:43]} {[%emt
00:02:36]} 31. Qg3 {[%clk 00:21:13]} {[%emt 00:04:36]} Rg4 {[%clk 00:07:36]}
{[%emt 00:01:18]} 32. Qf3 {[%clk 00:14:56]} {[%emt 00:06:27]} Rd7 {[%clk
00:07:04]} {[%emt 00:00:43]} 33. Bf5 {[%clk 00:13:42]} {[%emt 00:01:22]} Bxf5
{[%clk 00:05:35]} {[%emt 00:01:40]} 34. Qxf5 {[%clk 00:13:27]} {[%emt
00:00:25]} Rf7 {[%clk 00:03:37]} {[%emt 00:02:08]} 35. Qc8+ {[%clk 00:11:32]}
{[%emt 00:02:05]} Rf8 {[%clk 00:03:24]} {[%emt 00:00:24]} 36. Qxc6 {[%clk
00:10:12]} {[%emt 00:01:29]} Rxg2+ {[%clk 00:03:24]} {[%emt 00:00:05]} 37. Kh1
{[%clk 00:10:12]} {[%emt 00:00:04]} Rxh2+ {[%clk 00:03:22]} {[%emt 00:00:12]}
38. Kxh2 {[%clk 00:10:12]} {[%emt 00:00:10]} Rxf2+ {[%clk 00:03:22]} {[%emt
00:00:05]} 39. Kh3 {[%clk 00:10:04]} {[%emt 00:00:17]} Nf4+ {[%clk 00:03:22]}
{[%emt 00:00:06]} 40. Kh4 {[%clk 00:10:04]} {[%emt 00:00:07]} Rh2# {[%clk
00:03:22]} {[%emt 00:00:03]} 0-1

[Event "2023 US National Elementary K-6 Championship"]
[Site "Baltimore, Maryland, United States"]
[Date "2023.05.14"]
[Round "6.10"]
[White "Liu, Aiden"]
[Black "Drucker, Ari"]
[Result "1-0"]
[TimeControl "G/90; d10"]
[WhiteElo "2192"]
[BlackElo "1777"]

1. e4 {[%clk 01:30:00]} {[%emt 00:00:08]} g6 {[%clk 01:29:56]} {[%emt
00:00:15]} 2. d4 {[%clk 01:30:00]} {[%emt 00:00:04]} Bg7 {[%clk 01:29:49]}
{[%emt 00:00:17]} 3. Nf3 {[%clk 01:30:00]} {[%emt 00:00:11]} e6 {[%clk
01:29:49]} {[%emt 00:00:09]} 4. Nc3 {[%clk 01:30:00]} {[%emt 00:00:10]} Ne7
{[%clk 01:29:34]} {[%emt 00:00:25]} 5. h4 {[%clk 01:29:50]} {[%emt 00:00:20]}
d5 {[%clk 01:26:57]} {[%emt 00:02:48]} 6. h5 {[%clk 01:24:53]} {[%emt
00:05:06]} h6 {[%clk 01:17:55]} {[%emt 00:09:13]} 7. hxg6 {[%clk 01:17:26]}
{[%emt 00:07:37]} Nxg6 {[%clk 01:15:26]} {[%emt 00:02:38]} 8. Be3 {[%clk
01:12:42]} {[%emt 00:04:55]} Nc6 {[%clk 01:15:09]} {[%emt 00:00:27]} 9. Qd2
{[%clk 01:12:17]} {[%emt 00:00:35]} dxe4 {[%clk 01:15:01]} {[%emt 00:00:17]} 10.
Nxe4 {[%clk 01:11:56]} {[%emt 00:00:32]} f5 {[%clk 01:13:27]} {[%emt 00:01:45]}
11. Nc5 {[%clk 01:01:56]} {[%emt 00:10:10]} f4 {[%clk 01:08:32]} {[%emt
00:05:04]} 12. Bxf4 {[%clk 00:41:58]} {[%emt 00:20:07]} Nxd4 {[%clk 00:47:36]}
{[%emt 00:21:06]} 13. O-O-O {[%clk 00:38:04]} {[%emt 00:04:04]} Qf6 {[%clk
00:39:52]} {[%emt 00:07:55]} 14. Nxd4 {[%clk 00:23:21]} {[%emt 00:14:53]} Nxf4
{[%clk 00:34:49]} {[%emt 00:05:13]} 15. g3 {[%clk 00:23:10]} {[%emt 00:00:20]}
Nd5 {[%clk 00:31:30]} {[%emt 00:03:29]} 16. c4 {[%clk 00:21:51]} {[%emt
00:01:30]} Nb6 {[%clk 00:28:23]} {[%emt 00:03:17]} 17. Ncxe6 {[%clk 00:19:19]}
{[%emt 00:02:42]} Bxe6 {[%clk 00:24:37]} {[%emt 00:03:55]} 18. Nxe6 {[%clk
00:19:17]} {[%emt 00:00:12]} Kf7 {[%clk 00:23:50]} {[%emt 00:00:58]} 19. Nxg7
{[%clk 00:19:06]} {[%emt 00:00:21]} Kxg7 {[%clk 00:22:44]} {[%emt 00:01:16]} 20.
Rh4 {[%clk 00:14:55]} {[%emt 00:04:21]} Rad8 {[%clk 00:18:48]} {[%emt
00:04:06]} 21. Rg4+ {[%clk 00:13:55]} {[%emt 00:01:09]} Kf7 {[%clk 00:18:11]}
{[%emt 00:00:48]} 22. Bd3 {[%clk 00:12:34]} {[%emt 00:01:32]} Ke7 {[%clk
00:14:33]} {[%emt 00:03:47]} 23. Re1+ {[%clk 00:12:07]} {[%emt 00:00:37]} Kd7
{[%clk 00:12:54]} {[%emt 00:01:49]} 24. Bf5+ {[%clk 00:12:07]} {[%emt
00:00:03]} Kc6 {[%clk 00:12:44]} {[%emt 00:00:20]} 25. Be4+ {[%clk 00:12:07]}
{[%emt 00:00:05]} Kc5 {[%clk 00:08:40]} {[%emt 00:04:15]} 26. Qa5+ {[%clk
00:11:45]} {[%emt 00:00:31]} Kxc4 {[%clk 00:07:55]} {[%emt 00:00:55]} 27. Bd5+
{[%clk 00:11:22]} {[%emt 00:00:33]} Kd3 {[%clk 00:07:34]} {[%emt 00:00:32]} 28.
Qd2# {[%clk 00:11:22]} {[%emt 00:00:07]} 1-0

[Event "2023 US National Elementary K-6 Championship"]
[Site "Baltimore, Maryland, United States"]
[Date "2023.05.14"]
[Round "6.14"]
[White "Vanama, Agastya"]
[Black "Wang, Kyle"]
[Result "1/2-1/2"]
[TimeControl "G/90; d10"]
[WhiteElo "1656"]
[BlackElo "1992"]

1. e4 {[%clk 01:30:00]} {[%emt 00:00:02]} e5 {[%clk 01:30:00]} {[%emt
00:00:08]} 2. Nf3 {[%clk 01:30:00]} {[%emt 00:00:10]} Nc6 {[%clk 01:30:00]}
{[%emt 00:00:05]} 3. Bc4 {[%clk 01:29:53]} {[%emt 00:00:16]} Nf6 {[%clk
01:30:00]} {[%emt 00:00:11]} 4. d3 {[%clk 01:29:02]} {[%emt 00:01:00]} Bc5
{[%clk 01:30:00]} {[%emt 00:00:11]} 5. Bg5 {[%clk 01:29:02]} {[%emt 00:00:06]}
h6 {[%clk 01:29:38]} {[%emt 00:00:33]} 6. Bh4 {[%clk 01:28:59]} {[%emt
00:00:11]} d6 {[%clk 01:28:03]} {[%emt 00:01:46]} 7. h3 {[%clk 01:28:01]}
{[%emt 00:01:07]} g5 {[%clk 01:23:12]} {[%emt 00:05:02]} 8. Bg3 {[%clk
01:27:59]} {[%emt 00:00:12]} Bd7 {[%clk 01:20:51]} {[%emt 00:02:32]} 9. Nc3
{[%clk 01:26:37]} {[%emt 00:01:31]} Qe7 {[%clk 01:19:39]} {[%emt 00:01:20]} 10.
Qd2 {[%clk 01:26:10]} {[%emt 00:00:38]} O-O-O {[%clk 01:15:38]} {[%emt
00:04:12]} 11. O-O-O {[%clk 01:25:30]} {[%emt 00:00:48]} Be6 {[%clk 01:12:41]}
{[%emt 00:03:10]} 12. Nd5 {[%clk 01:21:13]} {[%emt 00:04:27]} Bxd5 {[%clk
01:12:41]} {[%emt 00:00:10]} 13. exd5 {[%clk 01:21:02]} {[%emt 00:00:21]} Nd4
{[%clk 01:10:56]} {[%emt 00:01:53]} 14. Nxd4 {[%clk 01:16:57]} {[%emt
00:04:16]} Bxd4 {[%clk 01:10:52]} {[%emt 00:00:13]} 15. a4 {[%clk 01:15:32]}
{[%emt 00:01:36]} a6 {[%clk 01:09:05]} {[%emt 00:01:57]} 16. c3 {[%clk
01:10:59]} {[%emt 00:04:43]} Ba7 {[%clk 01:08:25]} {[%emt 00:00:49]} 17. b4
{[%clk 01:08:56]} {[%emt 00:02:13]} Qd7 {[%clk 01:03:20]} {[%emt 00:05:15]} 18.
Qc2 {[%clk 01:07:43]} {[%emt 00:01:23]} Kb8 {[%clk 00:57:02]} {[%emt 00:06:28]}
19. Qb3 {[%clk 01:06:53]} {[%emt 00:01:00]} Rc8 {[%clk 00:54:00]} {[%emt
00:03:13]} 20. Kb2 {[%clk 00:58:22]} {[%emt 00:08:40]} c6 {[%clk 00:45:42]}
{[%emt 00:08:29]} 21. dxc6 {[%clk 00:58:08]} {[%emt 00:00:24]} Qxc6 {[%clk
00:44:57]} {[%emt 00:00:55]} 22. Bxf7 {[%clk 00:56:22]} {[%emt 00:01:55]} Qxg2
{[%clk 00:31:16]} {[%emt 00:13:52]} 23. Rhf1 {[%clk 00:55:49]} {[%emt
00:00:43]} Qf3 {[%clk 00:27:09]} {[%emt 00:04:16]} 24. b5 {[%clk 00:42:30]}
{[%emt 00:13:30]} Qe2+ {[%clk 00:25:41]} {[%emt 00:01:37]} 25. Kb1 {[%clk
00:41:19]} {[%emt 00:01:21]} axb5 {[%clk 00:25:01]} {[%emt 00:00:52]} 26. axb5
{[%clk 00:37:41]} {[%emt 00:03:47]} Bb6 {[%clk 00:24:36]} {[%emt 00:00:34]} 27.
Rfe1 {[%clk 00:36:36]} {[%emt 00:01:15]} Qf3 {[%clk 00:23:03]} {[%emt
00:01:42]} 28. Rd2 {[%clk 00:35:17]} {[%emt 00:01:32]} Rc7 {[%clk 00:18:46]}
{[%emt 00:04:26]} 29. Be6 {[%clk 00:34:31]} {[%emt 00:00:56]} Re8 {[%clk
00:17:30]} {[%emt 00:01:26]} 30. Kb2 {[%clk 00:22:56]} {[%emt 00:11:46]} Rce7
{[%clk 00:15:42]} {[%emt 00:01:58]} 31. Bf7 {[%clk 00:22:35]} {[%emt 00:00:31]}
Rf8 {[%clk 00:13:23]} {[%emt 00:02:29]} 32. Be6 {[%clk 00:22:21]} {[%emt
00:00:23]} Rfe8 {[%clk 00:09:26]} {[%emt 00:04:07]} 33. Bf7 {[%clk 00:22:21]}
{[%emt 00:00:09]} Rc8 {[%clk 00:09:00]} {[%emt 00:00:36]} 34. Be6 {[%clk
00:20:48]} {[%emt 00:01:44]} Rc5 {[%clk 00:06:36]} {[%emt 00:02:33]} 35. d4
{[%clk 00:19:25]} {[%emt 00:01:34]} Rxc3 {[%clk 00:06:34]} {[%emt 00:00:12]} 36.
Qxc3 {[%clk 00:18:40]} {[%emt 00:00:55]} Qxc3+ {[%clk 00:06:34]} {[%emt
00:00:02]} 37. Kxc3 {[%clk 00:18:34]} {[%emt 00:00:16]} Ba5+ {[%clk 00:06:34]}
{[%emt 00:00:03]} 38. Kc2 {[%clk 00:18:22]} {[%emt 00:00:23]} Bxd2 {[%clk
00:06:19]} {[%emt 00:00:24]} 39. Kxd2 {[%clk 00:18:01]} {[%emt 00:00:31]} Rxe6
{[%clk 00:06:19]} {[%emt 00:00:04]} 40. dxe5 {[%clk 00:18:01]} {[%emt
00:00:06]} dxe5 {[%clk 00:06:17]} {[%emt 00:00:13]} 41. Rxe5 {[%clk 00:17:54]}
{[%emt 00:00:17]} Rd6+ {[%clk 00:06:09]} {[%emt 00:00:17]} 42. Kc3 {[%clk
00:17:33]} {[%emt 00:00:30]} Ka7 {[%clk 00:05:45]} {[%emt 00:00:34]} 43. Kb4
{[%clk 00:17:00]} {[%emt 00:00:44]} Rd7 {[%emt 00:01:17]} 44. Re6 {[%emt
00:00:02]} Nd5+ 45. Kc5 1/2-1/2

[Event "2023 US National Elementary K-6 Championship"]
[Site "Baltimore, Maryland, United States"]
[Date "2023.05.14"]
[Round "6.19"]
[White "Li, Jayden"]
[Black "Yang, Aimee"]
[Result "0-1"]
[TimeControl "G/90; d10"]
[WhiteElo "1478"]
[BlackElo "1917"]

1. d4 {[%clk 01:30:00]} {[%emt 00:00:04]} Nf6 {[%clk 01:30:00]} {[%emt
00:00:03]} 2. Bg5 {[%clk 01:30:00]} {[%emt 00:00:03]} g6 {[%clk 01:28:08]}
{[%emt 00:02:02]} 3. Bxf6 {[%clk 01:29:57]} {[%emt 00:00:10]} exf6 {[%clk
01:28:08]} {[%emt 00:00:29]} 4. e3 {[%clk 01:29:56]} {[%emt 00:00:03]} Bg7
{[%clk 01:28:08]} 5. c3 {[%clk 01:29:31]} {[%emt 00:00:29]} O-O {[%clk
01:28:00]} {[%emt 00:00:22]} 6. h4 {[%clk 01:29:24]} {[%emt 00:00:23]} f5
{[%clk 01:22:12]} {[%emt 00:05:47]} 7. Bd3 {[%clk 01:26:28]} {[%emt 00:03:05]}
b6 {[%emt 00:05:45]} 8. Qc2 {[%clk 01:22:32]} {[%emt 00:01:39]} Bb7 {[%clk
01:17:44]} {[%emt 00:01:30]} 9. Nf3 {[%clk 01:22:18]} {[%emt 00:00:41]} Re8
{[%clk 01:14:48]} {[%emt 00:03:16]} 10. Nbd2 {[%clk 01:21:32]} {[%emt
00:00:43]} d5 {[%clk 01:08:02]} {[%emt 00:06:44]} 11. O-O-O {[%clk 01:21:31]}
{[%emt 00:00:08]} c5 {[%clk 01:07:20]} {[%emt 00:00:52]} 12. c4 {[%clk
01:19:47]} {[%emt 00:01:59]} cxd4 {[%clk 01:06:12]} {[%emt 00:01:13]} 13. exd4
{[%clk 01:19:37]} {[%emt 00:00:36]} Nc6 {[%clk 01:03:32]} {[%emt 00:02:36]} 14.
h5 {[%clk 01:18:25]} {[%emt 00:01:24]} Nb4 {[%clk 01:02:23]} {[%emt 00:01:16]}
15. Qb3 {[%clk 01:18:12]} {[%emt 00:00:29]} Nxd3+ {[%clk 01:01:40]} {[%emt
00:00:46]} 16. Qxd3 {[%clk 01:17:54]} {[%emt 00:00:28]} dxc4 {[%clk 01:01:35]}
{[%emt 00:00:18]} 17. Qc3 {[%clk 01:17:54]} {[%emt 00:00:08]} b5 {[%clk
01:00:08]} {[%emt 00:01:42]} 18. Kb1 {[%clk 01:16:58]} {[%emt 00:01:03]} a5
{[%clk 00:58:22]} {[%emt 00:01:55]} 19. Ka1 {[%clk 01:14:11]} {[%emt 00:02:57]}
Rc8 {[%clk 00:57:36]} {[%emt 00:00:58]} 20. Ne5 {[%clk 01:12:40]} {[%emt
00:01:38]} b4 {[%clk 00:56:01]} {[%emt 00:01:46]} 21. Qh3 {[%clk 01:12:12]}
{[%emt 00:00:37]} c3 {[%clk 00:44:04]} {[%emt 00:12:09]} 22. Ndc4 {[%clk
01:10:19]} {[%emt 00:02:01]} cxb2+ {[%clk 00:42:05]} {[%emt 00:02:09]} 23. Kxb2
{[%clk 01:08:54]} {[%emt 00:01:46]} a4 {[%clk 00:40:38]} {[%emt 00:01:25]} 24.
hxg6 {[%clk 01:08:48]} {[%emt 00:00:57]} hxg6 {[%clk 00:40:38]} 25. f3 {[%clk
01:02:48]} {[%emt 00:05:40]} Rxc4 {[%clk 00:33:25]} {[%emt 00:07:20]} 26. Nxc4
{[%clk 01:00:39]} {[%emt 00:02:19]} Re2+ {[%clk 00:32:55]} {[%emt 00:00:40]} 27.
Kb1 {[%clk 01:00:31]} {[%emt 00:00:22]} Qd5 {[%clk 00:32:49]} {[%emt 00:00:12]}
28. Qg3 {[%clk 00:46:00]} {[%emt 00:14:41]} Qxc4 {[%clk 00:32:00]} {[%emt
00:01:03]} 29. Qb8+ {[%clk 00:46:00]} {[%emt 00:00:07]} Bc8 {[%clk 00:32:00]}
{[%emt 00:00:10]} 30. Rd2 {[%clk 00:43:36]} {[%emt 00:02:33]} Rxd2 {[%clk
00:31:58]} {[%emt 00:00:10]} 31. Qxc8+ {[%clk 00:42:53]} {[%emt 00:00:53]} Qxc8
{[%clk 00:31:58]} {[%emt 00:00:09]} 32. Rc1 {[%clk 00:42:50]} {[%emt 00:00:11]}
Qe6 {[%clk 00:31:54]} {[%emt 00:00:21]} 33. d5 {[%clk 00:42:39]} {[%emt
00:00:09]} Qxd5 {[%clk 00:31:54]} {[%emt 00:00:13]} 34. Rc8+ {[%clk 00:42:36]}
{[%emt 00:00:12]} Kh7 {[%clk 00:31:52]} {[%emt 00:00:46]} 35. Rc2 {[%clk
00:42:36]} Qd3 {[%clk 00:31:52]} 36. a3 {[%clk 00:42:34]} Qxc2# {[%emt
00:00:44]} 0-1

[Event "2023 US National Elementary K-6 Championship"]
[Site "Baltimore, Maryland, United States"]
[Date "2023.05.14"]
[Round "6.15"]
[White "Zhu, Linxi"]
[Black "Zhang, Oscar"]
[Result "1-0"]
[TimeControl "G/90; d10"]
[WhiteElo "2004"]
[BlackElo "1750"]

1. e4 {[%clk 01:30:00]} {[%emt 00:00:02]} c5 {[%clk 01:30:00]} {[%emt
00:00:06]} 2. Nf3 {[%clk 01:30:00]} {[%emt 00:00:07]} d6 {[%clk 01:30:00]}
{[%emt 00:00:06]} 3. d4 {[%clk 01:30:00]} {[%emt 00:00:03]} cxd4 {[%clk
01:30:00]} {[%emt 00:00:05]} 4. Nxd4 {[%clk 01:30:00]} {[%emt 00:00:05]} Nf6
{[%clk 01:30:00]} {[%emt 00:00:07]} 5. Nc3 {[%clk 01:30:00]} {[%emt 00:00:04]}
a6 {[%clk 01:30:00]} {[%emt 00:00:05]} 6. h3 {[%clk 01:30:00]} {[%emt
00:00:03]} e6 {[%clk 01:28:22]} {[%emt 00:01:49]} 7. g4 {[%clk 01:29:51]}
{[%emt 00:00:19]} h6 {[%clk 01:27:14]} {[%emt 00:01:18]} 8. Bg2 {[%clk
01:29:33]} {[%emt 00:00:27]} Be7 {[%clk 01:26:14]} {[%emt 00:01:10]} 9. h4
{[%clk 01:29:17]} {[%emt 00:00:27]} Qc7 {[%clk 01:21:09]} {[%emt 00:05:14]} 10.
g5 {[%clk 01:27:34]} {[%emt 00:01:53]} hxg5 {[%clk 01:18:00]} {[%emt 00:03:19]}
11. hxg5 {[%clk 01:27:34]} {[%emt 00:00:05]} Rxh1+ {[%clk 01:17:25]} {[%emt
00:00:44]} 12. Bxh1 {[%clk 01:27:34]} {[%emt 00:00:02]} Nfd7 {[%clk 01:16:13]}
{[%emt 00:01:22]} 13. Qh5 {[%clk 01:25:48]} {[%emt 00:01:56]} Nf8 {[%clk
01:15:21]} {[%emt 00:00:55]} 14. f4 {[%clk 01:24:08]} {[%emt 00:01:56]} Nc6
{[%clk 01:11:22]} {[%emt 00:04:09]} 15. Nxc6 {[%clk 01:23:27]} {[%emt
00:00:52]} bxc6 {[%clk 01:11:09]} {[%emt 00:00:23]} 16. Be3 {[%clk 01:20:33]}
{[%emt 00:03:04]} Rb8 {[%clk 01:08:40]} {[%emt 00:02:40]} 17. O-O-O {[%clk
01:19:55]} {[%emt 00:00:47]} Qa5 {[%clk 01:05:34]} {[%emt 00:03:16]} 18. Rd3
{[%clk 01:17:17]} {[%emt 00:02:49]} Bd7 {[%clk 01:01:09]} {[%emt 00:04:35]} 19.
Bd4 {[%clk 01:14:12]} {[%emt 00:03:15]} e5 {[%clk 00:58:05]} {[%emt 00:03:14]}
20. Be3 {[%clk 01:13:10]} {[%emt 00:01:12]} Be6 {[%clk 00:56:26]} {[%emt
00:01:49]} 21. b3 {[%clk 01:09:45]} {[%emt 00:03:35]} Qa3+ {[%clk 00:52:14]}
{[%emt 00:04:21]} 22. Kd2 {[%clk 01:09:16]} {[%emt 00:00:39]} Bc8 {[%clk
00:46:58]} {[%emt 00:05:25]} 23. fxe5 {[%clk 01:05:19]} {[%emt 00:04:08]} dxe5
{[%clk 00:46:56]} {[%emt 00:00:13]} 24. Qh8 {[%clk 00:53:43]} {[%emt 00:11:46]}
Bb4 {[%clk 00:37:50]} {[%emt 00:09:16]} 25. Qxg7 {[%clk 00:51:37]} {[%emt
00:02:15]} Qa5 {[%clk 00:36:21]} {[%emt 00:01:39]} 26. a3 {[%clk 00:47:57]}
{[%emt 00:03:51]} Bxa3 {[%clk 00:35:24]} {[%emt 00:01:07]} 27. Rd5 {[%clk
00:47:21]} {[%emt 00:00:46]} cxd5 {[%clk 00:27:30]} {[%emt 00:08:04]} 28. Qxe5+
{[%clk 00:47:21]} {[%emt 00:00:08]} Kd7 {[%clk 00:25:04]} {[%emt 00:02:35]} 29.
Qxb8 {[%clk 00:47:15]} {[%emt 00:00:18]} Bc1+ {[%clk 00:24:18]} {[%emt
00:00:55]} 30. Kxc1 {[%clk 00:45:42]} {[%emt 00:01:43]} Qxc3 {[%clk 00:24:18]}
{[%emt 00:00:10]} 31. Qa7+ {[%clk 00:44:05]} {[%emt 00:01:47]} Ke8 {[%clk
00:23:54]} {[%emt 00:00:34]} 32. Bf3 {[%clk 00:41:16]} {[%emt 00:02:58]} dxe4
{[%clk 00:23:01]} {[%emt 00:01:03]} 33. Bxe4 {[%clk 00:40:30]} {[%emt
00:00:57]} Ne6 {[%clk 00:21:52]} {[%emt 00:01:19]} 34. g6 {[%clk 00:36:09]}
{[%emt 00:04:31]} Qa1+ {[%clk 00:19:09]} {[%emt 00:02:52]} 35. Kd2 {[%clk
00:36:09]} {[%emt 00:00:04]} Qa5+ {[%clk 00:18:59]} {[%emt 00:00:19]} 36. Kd1
{[%clk 00:34:50]} {[%emt 00:01:31]} Qh5+ {[%clk 00:11:53]} {[%emt 00:07:15]} 37.
Kc1 {[%clk 00:34:38]} {[%emt 00:00:24]} Nd8 {[%clk 00:09:58]} {[%emt 00:02:05]}
38. Bc6+ {[%clk 00:33:15]} {[%emt 00:01:33]} Kf8 {[%clk 00:09:49]} {[%emt
00:00:19]} 39. Qc7 {[%clk 00:32:09]} {[%emt 00:01:12]} 1-0